00956 a2200217 4500003000500000005001700005040000900022082000800031100003000039245005200069250001500121260005000136300002700186505023000213538003000443651003500473942000900508999001900517952010100536952010100637Nust20170207154430.0 cNust a050 aMaj Gen Athar Abbas,HI(M) aHilal September-2010cMaj Gen Athar Abbas,HI(M) a3,volume47 aRawalpindi,PakistanbISPR DtecSeptember-2010 aEnglish-60 & Urdu-56p; aFrom the Editor’s desk (Page-3) Calendar September 2010 (page-4) Defence Special (page-5) Why Don’t We Lean from History? (page-45) Health Watch (Page-51) Miscellanea (Page-10) News, Update And Picture Gallery (Page-52)  aAlmirah No.137 Shelf No.5 aPakistan Armed Forces Magazine cMAGS c197594d197594 00102ddc40708NFICaMCSbMCSd2016-12-12l0o050 ABBpMCSP-32/37r2016-12-08w2016-12-12yBK 00102ddc40708NFICaMCSbMCSd2016-12-12l0o050 ABBpMCSP-37/38r2016-12-08w2016-12-12yBK